Tilastot visalle Kaspianmeren maat

Klikkaa tästä pelataksesi tätä visaa!

Yleistilastot

  • Tätä visaa on pelattu 569 kertaa
  • Keskiarvotulos 4 / 5

Vastaustilastot

Valtio% Oikein
Venäjä
93%
Azerbaidžan
85%
Kazakstan
85%
Turkmenistan
85%
Iran
82%

Tulosjakauma

Persentiili vastausten määrän mukaan

Jokaisen tuloksen saaneiden osuus

Tuloshistoriasi

Et ole pelannut tätä visaa